| 000 | 00620nam a2200133Ia 4500 | ||
|---|---|---|---|
| 008 | 220216s9999 xx 000 0 und d | ||
| 100 | _aMydin K.K | ||
| 245 | 0 | _aGenetic resources and crop improvement of rubber (Hevea brasiliensis Willd. ex A. Juss. Muell.Arg). | |
| 260 | _bBreeding for Resistance to Pests and Diseases in Plantation Crops-Training Manual, 21-30 November 2017. (Eds. R.J. Thomas; A. Josephrajkumar; M. Shareefa and M.K. Rajesh). ICAR-CPCRI Regional Station, Kayamkulam, India, pp. 96-104. | ||
| 650 | _aCrop improvement | ||
| 650 | _aGenetic resources | ||
| 650 | _aHevea brasiliensis | ||
| 942 | _cBS | ||
| 999 |
_c49268 _d49268 |
||